| 000 | 00498nam a2200169Ia 4500 | ||
|---|---|---|---|
| 008 | 090201s9999 xx 000 0 und d | ||
| 010 | _aKPL-22280 | ||
| 040 | _bमराठी | ||
| 041 | _aमराठी | ||
| 082 |
_a13080 _b22280 |
||
| 100 | _aबाबा कदम | ||
| 245 |
_aबुमरँग 2रा _cबाबा कदम |
||
| 260 |
_c2004 _bदुर्गा प्रकाशन |
||
| 300 |
_a296 _bमोठा |
||
| 600 | _aबुमरँग 2रा | ||
| 942 | _cBOOK | ||
| 999 |
_c213311 _d213311 |
||